Joueurs de Ligue 1 nommés au Ballon d'Or depuis 1990 - Statistiques

Statistiques générales
  • Ce quiz a été pris 126 fois
  • Le résultat moyen est 52 sur 77
Statistiques - réponses
Année Joueur Classement / Clubs % Correct
2024 Kylian Mbappé 6e / Paris SG - Real Madrid
100%
2023 Kylian Mbappé 3e / Paris SG
100%
2022 Kylian Mbappé 6e / Paris SG
100%
2021 Kylian Mbappé 9e / Paris SG
100%
2019 Kylian Mbappé 6e / Paris SG
100%
2018 Kylian Mbappé 4e / Paris SG
100%
2017 Kylian Mbappé 7e / Monaco - PSG
100%
2025 Ousmane Dembélé 1er / Paris SG
100%
2023 Lionel Messi 1er / Paris SG - Inter Miami
99%
2021 Lionel Messi 1er / FC Barcelone - Paris SG
99%
2021 Neymar 16e / Paris SG
99%
2018 Neymar 12e / Paris SG
99%
2017 Neymar 3e / FC Barcelone - Paris SG
99%
2025 Désiré Doué 14e / Paris SG
97%
2025 Vitinha 3e / Paris SG
97%
2024 Vitinha 27e / Paris SG
97%
2018 Edinson Cavani 22e / Paris SG
94%
2017 Edinson Cavani 11e / Paris SG
94%
2013 Edinson Cavani 20e / Napoli - Paris SG
94%
2025 Gianluigi Donnarumma 9e / Paris SG
94%
2021 Gianluigi Donnarumma 10e / AC Milan - Paris SG
94%
2025 Khvicha Kvaratskhelia 12e / SSC Napoli - Paris SG
94%
2025 Nuno Mendes 10e / Paris SG
94%
2016 Zlatan Ibrahimovic 13e / Paris SG
94%
2015 Zlatan Ibrahimovic 11e / Paris SG
94%
2014 Zlatan Ibrahimovic 12e / Paris SG
94%
2013 Zlatan Ibrahimovic 4e / Paris SG
94%
2012 Zlatan Ibrahimovic 10e / Milan AC - Paris SG
94%
2025 Achraf Hakimi 6e / Paris SG
93%
2025 João Neves 19e / Paris SG
92%
2023 Randal Kolo Muani 28e / Paris SG - Eintracht Francfort
90%
2025 Fabian Ruiz 24e / Paris SG
87%
2019 Marquinhos 28e / Paris SG
84%
2017 Radamel Falcao 24e / AS Monaco
83%
2013 Radamel Falcao 11e / Atletico Madrid - AS Monaco
83%
1992 Jean-Pierre Papin 16e / Marseille - Milan AC
79%
1991 Jean-Pierre Papin 1er / Marseille
79%
1990 Jean-Pierre Papin 11e / Marseille
79%
2013 Thiago Silva 21e / Paris SG
79%
2009 Yoann Gourcuff 20e / Bordeaux
76%
2007 Franck Ribéry 17e / Marseille - Bayern Munich
75%
2006 Franck Ribéry 13e / Marseille
75%
2014 James Rodriguez 8e / AS Monaco - Real Madrid
75%
2006 Juninho 20e / Lyon
75%
2005 Juninho 12e / Lyon
75%
1996 Zinédine Zidane 28e / Bordeaux - Juventus
73%
2004 Didier Drogba 17e / Marseille - Chelsea
70%
2003 Ronaldinho 22e / Paris SG - Barcelone
65%
2002 Ronaldinho 12e / Paris SG
65%
1995 George Weah 1er / Paris SG - Milan AC
60%
2005 Michael Essien 22e / Lyon - Chelsea
59%
2004 Ludovic Giuly 24e / Monaco - Barcelone
58%
2000 David Trézéguet 22e / AS Monaco - Juventus
53%
1993 Basile Boli 15e / Marseille
50%
1998 Laurent Blanc 14e / Marseille
50%
1997 Laurent Blanc 33e / FC Barcelone - Olympique de Marseille
50%
1991 Laurent Blanc 21e / Montpellier - Napoli
50%
2004 Fernando Morientes 17e / Monaco - Real Madrid
42%
2000 Fabien Barthez 12e / AS Monaco - Manchester United
41%
1998 Fabien Barthez 14e / AS Monaco
41%
1996 Youri Djorkaeff 9e / Paris SG - Inter
39%
1994 Kennet Andersson 24e / Lille - Caen
29%
1997 Rai 29e / Paris SG
26%
1991 Chris Waddle 10e / Marseille
24%
1990 Chris Waddle 18e / Marseille
24%
2002 El-Hadji Diouf 21e / RC Lens - Liverpool
24%
2010 Asamoah Gyan 18e / Stade Rennais - Sunderland
17%
1993 Franck Sauzée 21e / Marseille - Atalanta Bergame
17%
1993 Alen Boksic 4e / Marseille - Lazio
14%
1994 Jurgen Klinsmann 6e / AS Monaco - Tottenham
10%
1993 Enzo Scifo 17e / Torino - Monaco
8%
1990 Enzo Scifo 6e / Auxerre
8%
2002 Papa Bouba Diop 21e / RC Lens
8%
1996 Andreas Köpke 13e / Francfort - Marseille
7%
1990 Dragan Stojkovic 12e / Etoile Rouge de Belgrade - Marseille
7%
1991 Bruno Martini 13e / AJ Auxerre
6%
1997 Victor Ikpeba 32e / AS Monaco
3%
Aucun quiz correspondant
Distribution des résultats
% des personnes avec chaque résultat
Percentile par nombre de réponses
Votre historique - résultats
Vous n’avez pas pris ce quiz